Clementine Producing Countries - Statistics

General Stats
  • This quiz has been taken 29 times
  • The average score is 3 of 5
Answer Stats
Production in Metric Tons Country % Correct
2,198,900 Spain
83%
15,171,700 China
79%
937,819 Brazil
71%
942,226 Turkey
71%
917,404 Egypt
33%
No matching quizzes found
Score Distribution
Percent of People with Each Score
Percentile by Number Answered
Your Score History
You have not taken this quiz